000 00308nam a22001337a 4500
008 170829b xxu||||| |||| 00| 0 eng d
020 _a9780073302713
041 _aeng
080 _25TH
_a070
100 _a39
101 _aMED
245 _aINTRODUCTION TO MASS COMMUNICATION
_cBARAN,S.J
942 _2udc
_cBK
999 _c25283
_d25283